|
|
|
|
| LEADER |
00786nam a22002051 4500 |
| 001 |
c000006194 |
| 003 |
CARM |
| 005 |
00000000000000.0 |
| 008 |
s1960 enk 0 eng d |
| 019 |
1 |
|
|a 3964024
|z 3282185
|z 42737706
|z 46556679
|5 LACONCORD2021
|
| 035 |
|
|
|a (OCoLC)530379
|5 LACONCORD2021
|
| 100 |
1 |
|
|a Hilton, Peter John.
|
| 245 |
1 |
0 |
|a Homology theory :
|b an introduction to algebraic topology /
|c by P.J.Hilton and S.Wylie.
|
| 260 |
|
|
|a Camb. :
|b Camb. U.P.,
|c 1960.
|
| 650 |
|
0 |
|a Homology theory.
|
| 700 |
1 |
|
|a Wylie, Shaun.
|
| 852 |
8 |
|
|b CARM
|h A2:AD18B0
|i B00573
|p 0026975
|f BK
|
| 082 |
0 |
4 |
|a 512.8
|
| 999 |
f |
f |
|i f2693fec-f829-596e-84b7-b40a73722e7f
|s a90479be-ed1d-552a-a51e-07f6682932f8
|
| 952 |
f |
f |
|p Can circulate
|a CAVAL
|b CAVAL
|c CAVAL
|d CARM 1 Store
|e B00573
|f A2:AD18B0
|h Other scheme
|i book
|m 0026975
|